[Event "Krynica zt"]
[Site "Krynica"]
[Date "1998.09.02"]
[Round "1"]
[White "Chatalbashev, Boris"]
[Black "Todorov, Todor"]
[Result "1-0"]
[WhiteElo "2535"]
[BlackElo "2420"]
[Annotator "Stohl,I"]
[PlyCount "49"]
[EventDate "1998.09.02"]
[EventType "swiss"]
[EventRounds "9"]
[EventCountry "POL"]
[SourceTitle "CBM 067"]
[Source "ChessBase"]
[SourceDate "1998.11.30"]
[SourceVersion "2"]
[SourceVersionDate "1998.11.01"]
[SourceQuality "1"]

1. d4 b5 2. Bg5 $5 {As the line 1.b4 d5 2.Bb2 Bg4!? is considered promising
for Black, this move also certainly deserves attention.} Nf6 (2... Bb7 3. Nf3 (
3. e3 g6 4. Nf3 a6 5. c4 c6 6. Qb3 Bg7 7. Be2 Nf6 8. Nbd2 Bc8 9. a4 bxc4 10.
Nxc4 d6 11. Bxf6 Bxf6 12. Nb6 Be6 13. Bc4 Bxc4 14. Nxc4 Nd7 $11 {1/2,Djukic,
Z-Sahovic,D/JUG-chT/1996/}) 3... h6 4. Bh4 g5 5. Bg3 e6 6. e3 a6 7. Nbd2 Nf6 8.
c3 Rg8 9. Qc2 d6 10. h3 Nbd7 11. a4 h5 12. axb5 axb5 13. Rxa8 Qxa8 14. Bxb5 h4
15. Bh2 g4 16. hxg4 h3 17. Qa4 Qxa4 18. Bxa4 hxg2 19. Rg1 Rxg4 20. Bg3 Nh5 21.
Rxg2 f5 22. Rg1 Nxg3 23. Rxg3 Rxg3 24. fxg3 Ke7 25. Nh2 Nf6 26. Bd1 Bh6 $44 {
Hjartarson,J-Hodgson,J/Brighton/1982/}) (2... h6 3. Bh4 Nf6 (3... Bb7 4. Nd2
Nf6 5. Ngf3 g5 6. Bg3 Bg7 7. h3 d6 8. e3 a6 9. Bd3 c5 10. c3 Nbd7 11. O-O e5
12. Qc2 Qe7 13. e4 Nh5 14. d5 Nf4 15. Rfe1 h5 16. Bf1 Nb6 17. c4 b4 18. a3 Bf6
19. Bxf4 exf4 20. e5 $36 {Toth,J-Brandics,J/HUN-chT/1994/}) 4. e3 Bb7 5. Nf3 a6
6. Be2 e6 7. O-O c5 8. c4 Qb6 9. Nbd2 b4 10. Rc1 d6 11. dxc5 dxc5 12. Ne5 Bd6
13. Bg3 O-O 14. Bf3 Rd8 15. Qc2 Nc6 16. Nxc6 Bxc6 17. Rfd1 Bxg3 18. hxg3 Bxf3
19. Nxf3 Rxd1+ 20. Rxd1 Rd8 $11 {Schneider,R-Hirn,O/Bayern-chB/1988/}) 3. Nd2 (
3. e3 a6 4. Be2 e6 5. Nd2 Bb7 6. Bf3 Bxf3 7. Ngxf3 c5 8. O-O d6 9. e4 Be7 10.
Qe2 Nc6 11. c3 Qb6 12. Qd3 h6 13. Be3 Rc8 14. Rac1 O-O 15. h3 cxd4 16. cxd4 Nb4
17. Qb1 Qa5 18. a3 Nc6 19. e5 dxe5 20. dxe5 Nd5 $132 {Rabic,D-Gaspersic,M/Tomo
Zupan op/1994/}) (3. Bxf6 exf6 4. e3 Bb7 5. Nd2 f5 6. Ngf3 a6 7. c4 bxc4 8.
Bxc4 d5 9. Bd3 g6 10. Rc1 Nd7 11. O-O Bd6 12. Nb3 c6 13. Qc2 O-O 14. Rfd1 Re8
15. Nc5 Nxc5 16. dxc5 Bc7 17. Qa4 a5 18. Rc3 Qe7 19. Rb3 Reb8 20. Rc1 Qd7 21.
Qh4 a4 22. Rb4 Bc8 23. Rc2 Rxb4 24. Qxb4 Bb8 25. Qh4 Bc7 26. Qf6 Ba6 27. Bxa6
Rxa6 $11 {Semrl,M-Panic,B/Ljubljana op/1996/}) 3... Bb7 4. Ngf3 a6 5. a4 (5. c3
h6 $6 6. Bxf6 exf6 7. e4 g6 8. a4 b4 9. Bc4 Be7 10. O-O O-O 11. Nh4 Kh7 12. Qg4
d5 13. exd5 f5 14. Nxf5 gxf5 15. Bd3 Bc8 16. Bxf5+ Bxf5 17. Qxf5+ Kg7 18. Nc4
Nd7 19. Rae1 $16 {Ivanchuk,V-Shabalov,A/URS Army-ch Tashkent/1987/}) 5... b4 (
5... Qc8 $5 6. axb5 axb5 7. e3 Rxa1 8. Qxa1 b4 9. Bd3 e6 10. O-O Be7 11. c3 Nc6
12. e4 bxc3 13. bxc3 h6 14. Bf4 O-O 15. h3 d6 16. Rb1 Qa8 17. Qb2 Ba6 18. Bxa6
Qxa6 19. Qb7 Qxb7 20. Rxb7 Rc8 21. Kf1 Ne8 22. Ke2 Rb8 23. Rxb8 Nxb8 24. Kd3
Kf8 $11 {Vaisman,V-Ruiz,R/FRA-chT/1994/}) 6. c4 e6 (6... bxc3 7. bxc3 $36 {
[%cal Gb1b8] <->b}) 7. e4 $5 $146 {An interesting alternative to the less
aggressive} (7. e3 c5 8. Bd3 Be7 (8... h6 9. Bh4 Be7 10. dxc5 Bxc5 11. e4 d6
12. O-O Nc6 13. Nb3 Qb6 14. Bxf6 gxf6 15. Nxc5 Qxc5 16. Nd2 O-O-O 17. Nb3 Qg5
18. f4 Qh4 19. Rf2 Rhg8 20. Qf1 Nb8 21. c5 d5 22. c6 Bxc6 23. Bxa6+ Kd7 24. Nd4
Ba8 25. Qb5+ {1-0,Martinovsky,E-Roush,J/Philadelphia World op/1988/}) 9. O-O (
9. dxc5 $142 $5) 9... d6 10. Re1 Nbd7 11. Rc1 h6 12. Bxf6 Nxf6 13. Bb1 Qc7 14.
Qe2 g5 15. Red1 g4 16. Ne1 h5 17. d5 O-O-O 18. Ne4 Nh7 19. f4 gxf3 20. Nxf3 Kb8
21. Rd2 $13 {Ribli,Z-Miles,A/Bled/Portoroz/1979/}) 7... h6 8. Bxf6 Qxf6 9. Bd3
d6 10. O-O Nd7 11. Re1 $32 {[%csl Ra5,Ra6,Rb4,Gc4,Gd4,Ge4] ()[+],׫ A position
quite typical for various Q-pawn openings, when Black decides to allow White a
strong pawn center, relying on the possible potential of his ^^. Here, however,
White has another significant plus, Black's weakened Q-side. Therefore any
premature opening of the position might prove fatal, as we will see in the
game.} e5 $2 (11... c5 12. e5 dxe5 (12... Qf4 13. Be4 Bxe4 (13... d5 14. cxd5
exd5 15. Bc2 {[%cal Re5e6] /\e6->}) 14. Rxe4 Qf5 15. Qe2 $36) 13. dxe5 Qd8 14.
Be4 $14 {[%csl Rd6] /+/-,(),><d6 Once Black is forced to exchange one of his B,
White's positional plus usually increases.}) (11... Qd8 $5 {[%cal Yg7g6,Yf8g7,
Yf8e7,Ye8g8] /\g6,Bg7,Be7,0-0} 12. Nb3 c5 (12... a5 $143 $6 13. d5 e5 14. c5 $1
$40) 13. d5 e5 14. a5 $14) (11... a5 $5 {If Black manages to finish his
development without too many positional concessions, he has nothing to worry
about.}) 12. c5 $1 $36 {[%csl Re8] עe8 Suddenly Black's K is in grave danger,
he can't keep the position closed anymore.} dxc5 (12... exd4 13. cxd6 (13. c6
$2 Bxc6 14. Qc2 Ne5 15. Nxd4 Bd7 {[%cal Rc7c5] /\c5-/+}) 13... cxd6 (13... Bxd6
$2 14. e5 Nxe5 15. Nxe5 Bxe5 16. Nc4 $18) (13... Qxd6 14. e5 Qb6 15. a5 $16 {
[%cal Re5e6] /\e6->}) 14. Nb3 {[%csl Ra6,Rb4,Rd4,Rd6][%cal Yb3a5,Yf3d4] /\Na5,
Nfd4,ק} Ne5 (14... Nc5 15. e5 $1 $40) 15. Nfxd4 $16) (12... Be7 13. c6 $1 $16
(13. Qc2 $16)) 13. dxe5 Nxe5 14. Nxe5 Qxe5 15. Nc4 Qe6 (15... Qd4 $5 16. Qc2
$16 {[%cal Ye4e5,Yd3e4,Ya1d1,Yc4a5] /\Na5,Rad1,e5,Be4 White has many ways to
strengthen his grip, while Black's pieces are still on their initial positions.
}) 16. Na5 Qb6 (16... Bc8 17. Bc4 Qg6 (17... Qb6 $2 18. Qd5 $18) (17... Qd6 18.
Qh5 $5 (18. Qf3 Qf6) 18... g6 19. Qf3 $16) 18. Bd5 Bg4 19. Bxf7+ $5 Qxf7 20.
Qxg4 $16) 17. Nxb7 Qxb7 18. e5 $1 {[%csl Gd3,Rf8] ->^- Thanks to the ^- White
whips up a powerful attack, which decides the game in a few moves.} Be7 (18...
O-O-O $2 19. Bf5+ $18) (18... Rd8 19. e6 Qd5 20. exf7+ Kxf7 21. Bc4 $1 $18) 19.
e6 $1 $18 (19. Be4 c6 20. Qf3 Rc8 21. e6 O-O 22. exf7+ Rxf7 23. Bf5 Rd8 24. Be6
Bf6 $1 $16) 19... O-O-O (19... O-O 20. exf7+ Rxf7 21. Bc4 $18) ({Black loses a
whole R after} 19... fxe6 20. Bg6+ $1 Kf8 21. Be4 c6 22. Qf3+ $18) 20. exf7 $18
Bf6 21. Qe2 Kb8 (21... Rd6 22. Bxa6 $1 Rxa6 23. Qe8+ $18) 22. Bxa6 Qd5 (22...
Qc6 $142 23. Bb5 $18) 23. Qb5+ Ka7 24. Qa5 Qd6 (24... Kb8 25. Rad1 $1 Bd4 (
25... Qxd1 26. Qb5+ Ka7 27. Qb7#) 26. Re7 $18) 25. Re6 $1 (25. Re6 Qf4 (25...
Qxe6 26. Bc4+) 26. Qxc5+ Kb8 27. Qb5+ $18) 1-0

[Event "Ciocaltea Memorial"]
[Site "Bucharest"]
[Date "1997.??.??"]
[Round "13"]
[White "Cosma, Ioan"]
[Black "Nisipeanu, Liviu Dieter"]
[Result "0-1"]
[WhiteElo "2495"]
[BlackElo "2545"]
[Annotator "Stohl,I"]
[PlyCount "80"]
[EventDate "1997.03.??"]
[EventType "tourn"]
[EventRounds "13"]
[EventCountry "ROU"]
[EventCategory "10"]
[SourceTitle "CBM 060"]
[Source "ChessBase"]
[SourceDate "1997.09.29"]
[SourceVersion "1"]
[SourceVersionDate "1997.09.29"]
[SourceQuality "1"]

1. d4 Nf6 2. Nf3 e6 3. g3 b5 4. Bg2 Bb7 5. O-O Be7 6. Bg5 O-O (6... a6 7. Nbd2
d6 8. c4 Nbd7 9. Qc2 c5 10. Rac1 O-O 11. Rfd1 Qb8 12. dxc5 Nxc5 $11 {1/2,
Romanishin,O-Razuvaev,Y/Reggio Emilia9697/1997/}) (6... d6 7. a4 a6 8. c3 Nbd7
9. Nbd2 O-O 10. e3 c5 11. Bxf6 Nxf6 12. Ne1 Bxg2 13. Kxg2 cxd4 14. cxd4 Qb6 $11
{1/2,Ellers,H-Eperjesi,L/Budapest FS03 IM-B/1997/}) 7. Qd3 Be4 $6 ({A safer
and more logical alternative is} 7... a6 $142 8. Nbd2 h6 $5 (8... d6 9. a4 $1 (
9. e4 Nbd7 10. e5 Nd5 11. Ne4 Nb4 12. Bxe7 Qxe7 13. Qe2 Bxe4 14. Qxe4 d5 15.
Qe2 c5 16. dxc5 Qxc5 17. Rfc1 Rac8 18. c3 Nc6 19. Bf1 Nb6 20. Rd1 Nc4 21. Rac1
Rfd8 22. b3 Nb6 23. Qb2 Nd7 24. Re1 Qe7 $13 {Burmakin,V-Macieja,B/Pardubice op/
1993/}) 9... bxa4 10. Bxf6 Bxf6 11. Rxa4 d5 12. Ra2 Nd7 13. Nb3 Qe7 14. Qc3 Qd6
15. Rfa1 c5 16. dxc5 Bxc3 17. cxd6 Bb4 18. e3 Bxd6 19. Bf1 Nb8 20. Nfd2 Rc8 21.
Na5 Bc6 22. Nxc6 Rxc6 23. c4 Bb4 24. cxd5 exd5 25. Nb3 Ra7 26. Nd4 Rb6 27. Rc1
$36 {Grivas,E-Pandavos,E/Athens/1991/}) (8... Nc6 9. c3 d6 10. a4 (10. e4 e5
11. d5 Nb8 12. Bxf6 Bxf6 13. b4 c6 14. dxc6 Bxc6 15. Rfd1 Qc7 16. Nb3 Rd8 17.
Nfd2 Nd7 18. a4 Nb6 19. axb5 axb5 20. Rxa8 Rxa8 21. Na5 Na4 22. Nf1 Rd8 23. Rc1
Bg5 24. Rc2 Nb6 25. h4 Bh6 26. Nh2 Bd7 $132 {Romanishin,O-Lau,R/Moscow GMA-op/
1989/}) 10... Rb8 11. axb5 axb5 12. Ne1 Nd7 13. Bxe7 Nxe7 14. e4 c5 15. Nc2 Qb6
16. dxc5 Nxc5 17. Qe3 Qc7 18. Nd4 Qd7 19. b4 Na4 20. Bh3 Ba8 21. Rfc1 d5 22. e5
Nc6 23. N2b3 Rfc8 24. Bf1 Na7 25. f4 Rc7 26. Ra2 Qc8 27. Rac2 Bc6 28. g4 $40 {
Kengis,E-Wilder,M/Chicago US Open/1989/}) (8... d5 9. Nb3 Nbd7 10. Na5 Ra7 11.
a4 bxa4 12. Rxa4 c5 13. Nxb7 Rxb7 14. b3 cxd4 15. Qxd4 a5 16. Qa1 Qc7 17. Rxa5
Qxc2 18. Nd4 Qg6 19. h4 Bd6 20. Rb5 Rxb5 21. Nxb5 Bb8 22. Rc1 h6 23. Be3 Ng4
24. Bd4 e5 25. Ba7 e4 26. Bxb8 Nxb8 27. Qd4 Qf6 28. Bh3 Qxd4 29. Nxd4 $16 {
Atalik,S-Tantsis,G/Ikaria op/1994/}) 9. Bxf6 Bxf6 10. c3 Be7 11. a4 b4 12. c4
d6 (12... a5 $5 $13) 13. d5 exd5 14. cxd5 Bf6 15. Nd4 a5 16. N2b3 Nd7 17. Rac1
Ba6 18. Qd2 Bxd4 19. Nxd4 Nc5 20. Rfe1 $13 {1/2,Krasenkov,M-Ikonnikov,V/Genève
op-A/1994/}) (7... d5 $6 8. Nbd2 b4 9. Rfe1 Ba6 10. Qb3 Nbd7 11. Ne5 Nxe5 12.
dxe5 Nd7 13. Bxe7 Qxe7 14. a3 Nxe5 15. e4 d4 16. axb4 Bb7 17. Ra5 Nc6 18. Rc5
a5 19. Qc4 axb4 20. Rxc6 Bxc6 21. Qxc6 Ra2 22. Rb1 $16 {Laird,C-Reinert,M/
Copenhagen op/1981/}) (7... b4 $2 8. Bxf6 Bxf6 9. Ng5 $18) (7... c6 $143 8. e4
d5 9. Bxf6 Bxf6 10. Nbd2 Nd7 11. Rfe1 a5 12. exd5 exd5 13. Nf1 Qc7 14. Ne3 Nb6
15. Ne5 g6 16. h4 Bg7 17. c3 Rfe8 18. f4 Nd7 19. h5 Nxe5 20. fxe5 Qe7 21. hxg6
hxg6 22. Ng4 Qg5 23. Qf3 Bc8 24. Nf2 Bf5 25. Bh3 $1 $36 {Mittelman,G-Volman,H/
ISR-ch Jerusalem/1996/}) 8. Qd1 $6 $146 {Too soft} (8. Qxb5 $142 Nc6 (8... Bxc2
9. Ne1 a6 10. Qb7 $18) 9. Qc4 Rb8 10. Nbd2 Rb4 (10... Rxb2 $2 11. Bxf6 Rxc2 12.
Bxe7 $18) 11. Qc3 Nd5 12. Bxe7 Qxe7 13. Qa3 Nxd4 (13... Bxf3 $2 14. Nxf3 Rfb8
15. b3 Nxd4 16. Nxd4 Rxd4 17. Qxa7 Qb4 18. e3 Rd2 19. Bxd5 Rxd5 20. Qxc7 Rc5
21. Qxd7 Rxc2 22. Rfd1 Qc5 23. Rd2 g6 24. Rad1 Rxd2 25. Qxd2 Qf5 26. Rc1 Ra8
27. h4 h5 28. a4 Kh7 29. Qd4 {1-0,Frias,V-Shahade,M/Philadelphia/1986/}) 14.
Nxd4 Bxg2 15. Nc6 $1 dxc6 16. Kxg2 $14 {[%csl Ra7,Rc6,Rc7] ק}) 8... d6 (8...
Bb7 $5 9. Nbd2 {would probably lead to the same position.}) 9. Nbd2 Bb7 10. c4
(10. Re1 h6 $5 (10... Ne4 $6 11. Bxe7 Qxe7 12. Nb3 (12. Ng5 Nxf2 $1) 12... Nd7
13. Nfd2 $36) 11. Bxf6 Bxf6 12. e4 Nd7 $13) (10. a4 $5 b4 11. c4 $14 {()})
10... bxc4 11. Nxc4 {[%csl Ra7,Rc7,Gd5,Ge4] Although Black's << pawns are
split, his active pieces and control of d5 and e4 give him counterplay.} Bd5
12. Bxf6 $5 {White occupies the center, but has to give up his strong B.} (12.
Ne3 Be4 $132) (12. Qc2 Be4 $11) 12... Bxf6 13. Qc2 Nd7 14. e4 Bxc4 $8 (14...
Bb7 $2 15. Na5 $16) 15. Qxc4 Rb8 (15... d5 $5 16. exd5 Nb6 $132 {[%csl Rd5]
><d4}) 16. Qe2 Rb6 (16... d5 17. exd5 (17. e5 Be7 {[%cal Yc7c5] /\c5=}) 17...
exd5 18. Rac1 (18. Ne5 $5) 18... Re8 19. Qc2 $14) 17. Rac1 Qb8 18. b3 c5 19.
dxc5 dxc5 $1 (19... Nxc5 $143 20. e5 Be7 21. exd6 Bxd6 22. Nd4 $36 {[%csl Rc6]
[%cal Gc1c8] ><c6,<->c}) 20. Rfe1 (20. Rfd1 Qc7 {[%csl Gf6,Gg2][%cal Rd7e5] /
\Ne5=^-}) 20... g6 21. e5 Bg7 $11 {Although the a and c-pawns are isolated,
Black has enough counterplay on the b and d-files. Also the Pe5 is vulnerable
and White's pieces are tied to it's defence. In spite of the formally better
pawn structure White has no active plan. It remains a question if Black can do
something constructive.} 22. Rcd1 Qc7 23. h4 h6 24. Rc1 (24. Rd3 Rc8 $132)
24... Rfb8 25. Qe3 a5 26. Bf1 Rb4 27. Qc3 (27. Bc4 a4 $132) 27... a4 28. Bc4
axb3 29. Bxb3 $6 (29. axb3 $142 Nb6 30. Nd2 $11) 29... R8b7 30. Re2 Qb8 31. Qc2
(31. Rd1 $142 $132 {[%cal Gd1d8] <->d}) 31... Ra7 $5 (31... Bxe5 32. Nxe5 Nxe5
33. Qxc5 Nf3+ (33... Nd3 34. Qc8+ $11) 34. Kg2 Nd4 35. Qc8+ Qxc8 36. Rxc8+ Kg7
{gives Black an endgame with an extra pawn, which is however theoretically
drawn.}) (31... Nxe5 32. Nxe5 Bxe5 33. Qxc5 Bd4 34. Qc8+ $11) 32. Qc3 Ra3 $1
33. Rd1 c4 (33... Qc7 34. Rc2 $11) 34. Rxd7 cxb3 35. axb3 Rbxb3 36. Qd4 $2 {
Only this tactical mistake costs White the whole point.} (36. Qd2 $142 $1 {[]}
Qb6 37. Nd4 Rb1+ 38. Kg2 {=/=/+}) 36... Qb5 {Attacking too many piece (Re2,Nf3)
at once. White's N doesn't have the important d4-square.} 37. Rd8+ (37. Re3
Rb1+ 38. Ne1 (38. Kh2 Qf1 $19) 38... Rxe3 39. Qxe3 Qxe5 $19) 37... Kh7 38. Re3
Rb1+ 39. Ne1 (39. Re1 Rxf3 $19) 39... Rxe3 40. Qxe3 Qxe5 {White loses his
pinned N.} (40... Qxe5 41. Qxe5 (41. Kf1 Qxe3 42. fxe3 Bc3 $19) 41... Bxe5 42.
Kf1 Bc3 $19) 0-1

[Event "Hastings 9596"]
[Site "Hastings"]
[Date "1996.??.??"]
[Round "6"]
[White "Atalik, Suat"]
[Black "Luther, Thomas"]
[Result "1/2-1/2"]
[WhiteElo "2525"]
[BlackElo "2550"]
[Annotator "Stohl,I"]
[PlyCount "63"]
[EventDate "1995.12.??"]
[EventType "tourn"]
[EventRounds "9"]
[EventCountry "ENG"]
[EventCategory "13"]
[SourceTitle "CBM 051"]
[Source "ChessBase"]
[SourceDate "1996.04.01"]
[SourceVersion "1"]
[SourceVersionDate "1996.04.01"]
[SourceQuality "1"]

1. d4 (1. Nf3 Nf6 2. d4 e6 3. g3 b5 4. Bg2 Bb7 5. a4 b4 6. c4 c5 7. O-O cxd4 8.
Qxd4 Nc6 9. Qd1 d5 10. Nbd2 Be7 11. cxd5 Nxd5 12. Nc4 O-O 13. Nfe5 Nxe5 14.
Nxe5 Rc8 15. Bf4 Bf6 16. Nd3 Nxf4 17. gxf4 Bxg2 $15 {Vegh,J-Chabanon,J/Geneva
op/1996/}) 1... e6 (1... Nf6 2. Nf3 e6 3. g3 c5 4. Bg2 b5 5. a4 b4 6. c4 Bb7 7.
d5 exd5 8. Nh4 g6 9. cxd5 Bg7 10. O-O O-O 11. e4 Re8 12. Re1 d6 13. Nd2 a5 14.
Bf1 Nbd7 15. Bb5 h5 16. f3 Qe7 17. Ng2 h4 18. gxh4 Nh5 19. Nc4 Ne5 20. Nxe5
Bxe5 21. Bg5 f6 22. Bxe8 Rxe8 23. Bc1 Bd4+ $44 {Alburt,L-Gurevich,D/New York
exh/1989/}) 2. g3 d5 (2... Nf6 3. Bg2 c5 4. Nf3 b5 5. e4 Bb7 6. e5 Nd5 7. O-O
Qb6 8. c3 cxd4 9. Nxd4 Nc6 10. Nxc6 Bxc6 11. Nd2 Be7 12. a4 bxa4 13. Qg4 g6 14.
Nc4 Qc7 15. Nd6+ Bxd6 16. exd6 Qxd6 17. Qd4 f6 18. c4 Qb4 19. Rd1 e5 20. Qh4
$18 {->,Alburt,L-Horvath,T/Reykjavik op/1982/}) 3. Nf3 b5 $5 (3... Nf6 4. c4 {
-E0}) 4. Bg2 (4. a4 b4 5. c4 bxc3 6. Nxc3 Nf6 7. Bg2 c5 $132) 4... Nf6 5. O-O (
5. c3 c5 6. Bg5 Nbd7 7. a4 Qb6 8. O-O Ne4 9. Bf4 Be7 10. Nbd2 Ndf6 11. Nxe4
Nxe4 12. Nd2 Nxd2 13. Qxd2 cxd4 14. a5 Qa6 15. cxd4 O-O 16. Rfc1 Bb7 17. Rc7
Bd8 18. Rc5 Be7 $10 {1/2/Keene,R-Romanishin,O/Amsterdam IBM-B/1973/}) (5. a4 b4
6. c4 bxc3 7. bxc3 Ba6 8. O-O Nbd7 9. Na3 Rb8 10. Qc2 Be7 11. Re1 O-O 12. Ne5
Nxe5 13. dxe5 Nd7 14. e4 c6 15. c4 d4 16. f4 Qa5 17. Rd1 Nc5 18. Bd2 Qxa4 $17 {
Huster,M-Teske,H/Dresden op/1995/}) (5. Nbd2 Nbd7 6. a4 b4 7. c4 bxc3 8. bxc3
Be7 9. c4 c6 10. Ba3 Ba6 11. Qc2 O-O 12. O-O Rb8 13. e4 Nxe4 14. Nxe4 dxe4 15.
Ne5 Nxe5 16. dxe5 Bxa3 17. Rxa3 Qd4 18. Bxe4 Rb2 19. Bxh7+ Kh8 20. Qe4 Qxc4 $17
{Kleinegger,F-Steckner,J/Dortmund Op-A/1992/}) 5... Be7 (5... Nbd7 6. c3 Bd6 7.
a4 c6 8. Bf4 Nb6 9. axb5 cxb5 10. Qd3 a6 11. Nbd2 O-O 12. b3 Bb7 13. Bxd6 Qxd6
14. Ne5 Rac8 15. b4 Nc4 16. Ndxc4 dxc4 17. Qc2 Nd5 18. e4 Nb6 19. f4 Na4 20. f5
f6 21. Ng4 Qb6 22. fxe6 $16 {[%csl Gd4,Ge4] [+]|^,Sorokin,M-Peredy,F/Budapest
Spring op/1990/}) (5... c5 6. c3 (6. b3 Ba6 7. c4 bxc4 8. bxc4 Bxc4 9. Ne5 Bb5
10. Nc3 a6 11. a4 cxd4 12. Nxd5 Nxd5 13. axb5 Bc5 14. Nd3 Be7 15. Nf4 Nc3 16.
Qd3 Ra7 17. bxa6 e5 18. Nh3 O-O 19. e3 Qc8 20. exd4 exd4 21. Nf4 Rxa6 22. Rxa6
Qxa6 $10 {1/2/Beltramini,JM-Schweber,S/Buenos Aires op/1995/}) 6... Bb7 (6...
Nc6 7. Bg5 Qb6 8. Nbd2 cxd4 9. cxd4 Bb7 10. Bxf6 gxf6 11. Nb3 Na5 12. Nxa5 Qxa5
13. Nd2 Qb6 14. Nb3 Rc8 15. Qd2 Bd6 16. Rfc1 Ke7 17. e3 b4 18. Bf1 a5 19. Rxc8
Rxc8 20. Rc1 $10 {Wirthensohn,H-Schroll,G/Graz zt/1993/}) 7. a4 b4 8. cxb4 cxb4
9. Bf4 Be7 10. Nbd2 O-O 11. Ne5 Qb6 12. Nb3 Rc8 13. Qd2 Ne4 14. Bxe4 dxe4 15.
Rfc1 Na6 16. Nd7 Qd8 17. Ndc5 Nxc5 18. Nxc5 Bxc5 19. dxc5 Qxd2 20. Bxd2 a5 21.
Bf4 f6 $15 {Scheeren-Kuijf,M/Budel zt/1987/}) 6. b3 (6. c3 O-O 7. Bg5 Nbd7 8.
Nbd2 c5 9. Re1 Bb7 10. Ne5 Nxe5 11. dxe5 Nd7 12. Bxe7 Qxe7 13. e4 dxe4 14. Bxe4
Bxe4 15. Rxe4 Rfd8 16. a4 bxa4 17. Qe2 Nb6 18. Nc4 Rd7 19. Nd6 f5 20. Rh4 h6
21. Qb5 Rc7 22. Nc4 Rb8 23. Rxa4 Qd7 24. Qxd7 Rxd7 $10 {Huebner,R-Hoffmann,M/
BL 95/96/1995/}) (6. a4 b4 7. Nbd2 O-O 8. Ne5 c5 9. dxc5 Bxc5 10. e4 Ba6 11.
Re1 Qb6 12. Qf3 Nc6 13. Nxc6 Qxc6 14. exd5 Nxd5 15. c4 bxc3 16. bxc3 Qc7 17. c4
Nb4 18. Bb2 Rad8 19. Ne4 Bd4 20. Bxd4 Rxd4 21. c5 Nc2 22. Red1 Rxe4 23. Qxe4
Nxa1 24. Rxa1 Qxc5 $17 {Ribli,Z-Luther,T/Tilburg/1994/}) 6... Ba6 (6... Bb7 7.
c4 $1 $14) 7. Ne5 Nfd7 8. Nd3 $146 (8. c4 bxc4 (8... Nxe5 9. cxd5 $1 {[%cal
Rd5d6] /\d6} exd5 10. dxe5 c6 11. f4 $36) 9. bxc4 c6 $5 10. Nxd7 Nxd7 11. c5
O-O $10) (8. e4 $142 $5 {Only by active play in the centre can White attempt
to refute Black's original strategy.} c6 9. Qg4 O-O 10. Bh6 Bf6 11. Nxd7 Nxd7
12. e5 Nxe5 13. dxe5 Bxe5 14. c3 b4 15. Re1 Bf6 16. Bd2 Rb8 17. Bf4 bxc3 18.
Bxb8 Qxb8 19. Bf1 Bxf1 20. Rxf1 Qd6 21. Qa4 Rd8 22. Nxc3 Bxc3 23. Rac1 d4 24.
Qxa7 $14 {Appel,R-Luther,T/BL 9495/1995/}) 8... O-O 9. Nd2 Nc6 10. Bb2 (10. c4
bxc4 11. bxc4 dxc4 $1 12. Nxc4 (12. Bxc6 cxd3 $17) (12. Nf4 Nxd4 $1 13. Bxa8
Qxa8 $40 {[%csl Rg1][%cal Ga8h1] עg1,/^a8-h1}) 12... Bxc4 (12... Nxd4 $5 13.
Bxa8 Qxa8 $44) 13. Bxc6 Rb8 $10) (10. e3 b4 11. a3 $5 Bxd3 12. cxd3 bxa3 $1 (
12... a5 13. Qc2 $14) 13. Bxa3 Bxa3 14. Rxa3 Nb4 15. Qb1 c5 $10) 10... b4 11.
Nf3 Bb5 $10 12. a4 (12. a3 a5 $10) 12... Ba6 13. c3 bxc3 14. Bxc3 Rb8 {[%csl
Rb3,Rb4] קb3,b4} 15. Rb1 Nb4 16. Nfe5 $1 (16. Nxb4 $6 Bxb4 17. Bxb4 Rxb4 18.
Qc2 Qb8 {[%cal Yf8c8,Yc7c5] /\Rc8,c5-/+}) 16... Nxe5 (16... Nxd3 $2 17. Nc6 $16
) 17. Nxe5 {[%cal Rc3b4,Re5c6] /\Bb4,Nc6+-} Qe8 18. Qd2 f6 (18... c5 19. Rfc1 {
[%cal Ye2e4] /\e4|^}) 19. Nf3 Bd6 20. Rfc1 Qe7 21. Bf1 Rb6 $10 {[%csl Rb3,Rc7]
><b3,><c7 For both sides it's rather easy to protect their weaknesses and with
no other active play in sight, the position is equal.} 22. Ne1 Rfb8 23. e3 Bxf1
24. Kxf1 Qe8 25. Kg2 h5 26. Bxb4 Rxb4 (26... Bxb4 27. Qc2 Bxe1 (27... Qe7 28.
Nd3) 28. Rxe1 c6 $10) 27. Qc2 R4b7 28. Nf3 (28. h4 Rb6 $10) 28... g5 $1 29. h4
g4 30. Nd2 f5 31. Qd3 Rb6 32. Rc3 (32. Rc3 Qe7 $10) 1/2-1/2